Engineering metrology and measurements (Record no. 116019)
[ view plain ]
| 000 -LEADER | |
|---|---|
| fixed length control field | 00241 a2200097 4500 |
| 020 ## - INTERNATIONAL STANDARD BOOK NUMBER | |
| International Standard Book Number | 9780198085492 |
| 100 ## - MAIN ENTRY--PERSONAL NAME | |
| Personal name | N. V. Raghavendra |
| 245 ## - TITLE STATEMENT | |
| Title | Engineering metrology and measurements |
| 260 ## - PUBLICATION, DISTRIBUTION, ETC. (IMPRINT) | |
| Name of publisher, distributor, etc | Oxford University Press |
| Date of publication, distribution, etc | 2024 |
| 942 ## - ADDED ENTRY ELEMENTS (KOHA) | |
| Koha item type | On order/under processing |
| Withdrawn status | Lost status | Damaged status | Not for loan | Home library | Current library | Date acquired | Source of acquisition | Cost, normal purchase price | Total Checkouts | Barcode | Date last seen | Cost, replacement price | Price effective from | Koha item type |
|---|---|---|---|---|---|---|---|---|---|---|---|---|---|---|
| University Library | University Library | 18/03/2026 | 146 | 700.00 | 00098093 | 18/03/2026 | 875.00 | 18/03/2026 | On order/under processing |
